00659nam a22002177a 4500001000200000003000900002005001700011007000200028008002800030040002200058082002800080100004300108245006100151260003700212300002100249490002700270500006400297521003000361650002300391650002700414 DO-SdBNP20220317133443.0 151005b1994 cl 00| 0 spa d aBPMSUbspacBPMSU aCo863.6bG216d 19942221 aGarcía Márquez, Gabrield1927-201414aDel amor y otros demonios /cGabriel García Márquez  aSanto Domingo :bTaller, c1994. a198 p. :c22 cm.0 aBiblioteca tallerv299 aIncluye datos biográficos del autor en la contracubierta 1 aA partir de los 12 años 4aNovela colombiana. 4aLiteratura colombiana